Every Pokemon VSTAR - Statistics

General Stats
  • This quiz has been taken 8 times
    2 since last reset
  • The average score is 13 of 34
Answer Stats
Hint Answer % Correct
BRS 18 Charizard
100%
LOR 93 Aerodactyl
50%
BRS 123 Arceus
50%
ASR 84 Decidueye
50%
PR-SW 268 Deoxys
50%
ASR 114 Dialga
50%
LOR 131 Giratina
50%
LOR 136 Goodra
50%
ASR 18 Lilligant
50%
SIT 139 Lugia
50%
SIT 71 Mawile
50%
PGO 31 Mewtwo
50%
ASR 40 Palkia
50%
SIT 136 Regidrago
50%
CRZ ??? Rotom
50%
ASR 102 Samurott
50%
SIT 8 Serperior
50%
BRS 14 Shaymin
50%
ASR 54 Typhlosion
50%
SIT 34 Vulpix
50%
CRZ ??? Zacian
50%
CRZ ??? Zamazenta
50%
PR-SW 265 Zeraora
50%
LOR 147 Zoroark
50%
ASR 99 Darkrai
0%
PGO 50 Dragonite
0%
LOR 119 Drapion
0%
PR-SW 197 Glaceon
0%
PR-SW 249 Kleavor
0%
PR-SW 195 Leafeon
0%
PR-SW 214 Lucario
0%
LOR 57 Magnezone
0%
SIT 66 Unown
0%
BRS 65 Whimsicott
0%
No matching quizzes found
Score Distribution
Percent of People with Each Score
Percentile by Number Answered
Your Score History
You have not taken this quiz since the last reset